| 000 | 00467nam a2200145Ia 4500 | ||
|---|---|---|---|
| 008 | 220216s9999 xx 000 0 und d | ||
| 100 | _aFah L P | ||
| 245 | 0 | _aAdsorption of laurate soap on natural rubber latex particles and its effect on latex properties | |
| 260 | _bProceedings of the International Rubber Conference, Malaysia 1988; p110-124 | ||
| 650 | _aLatex properties | ||
| 650 | _aLaurate soap | ||
| 650 | _aNR latex | ||
| 700 | _aFong C S | ||
| 942 | _cJS | ||
| 999 |
_c53846 _d53846 |
||